| 000 | 00786nam a2200205 i 4500 | ||
|---|---|---|---|
| 001 | 41162 | ||
| 003 | ES-MaACL | ||
| 005 | 20250804063401.0 | ||
| 007 | t| | ||
| 008 | 030310q1914 sp ||||1| spa d | ||
| 100 | 1 |
_aCascales Muñoz, José, _d1865-1933 _936269 |
|
| 245 | 1 | 4 |
_aLos egipcios en la antiguedad _b: su gobierno, su religión y sus costumbres / _cpor José Cascales y Muñoz. |
| 260 |
_aBarcelona : _bF. Granada y Cª, _c[1914?] ( _fTip. "El Armario") |
||
| 300 |
_aXIX, 141 p. : _bil. ; _c20 cm. |
||
| 530 | _aDisponible en formato digital. | ||
| 651 | 4 |
_aEgipto- _xCivilización- _yHasta S.VII. _9164334 |
|
| 852 |
_aES-MaACL _jF-11565 |
||
| 856 |
_uhttp://bdh-rd.bne.es/viewer.vm?id=0000189477&page=1 _zBiblioteca Digital Hispánica |
||
| 999 |
_c41162 _d41162 |
||